000
00339nam a2200145Ia 4500
008
150201s2005 xx 000 0 und d
082
_a
611
_b
G2005D
100
_a
DRAKE,RICHARD
245
_a
GRAYS ANATOMY FOR STUDENTS
250
_a
1ST
260
_b
ELSEVIER
_a
DELHI
_c
2005
300
_a
1-1058
650
_a
ANATOMY
942
_2
ddc
_c
BK
_0
3
999
_c
3657
_d
3657